Catalog

Record Details

Catalog Search



Custer's cavalier  Cover Image Book Book

Custer's cavalier / Thom Nicholson.

Nicholson, Thom. (Author).

Summary:

John Whyte, disgraced son of an English Lord, has quit the British Army and cometo America to join the Union cause. He is assigned to command of the 5thMichigan Cavalry under his former assistant, now Brigadier General GeorgeCuster. Whyte follows the dashing Custer into battle against the Confederatecavalry of JEB Stuart at Gettysburg, into the 1864 Valley Campaign, and iscaptured at the Battle of Cedar Creek. Incarcerated in the infamous Libby Prisonin Richmond, VA, Whyte is under a death sentence for his actions in breaking theRose Greenhow spy ring. If Custer's Cavalier is to survive the ordeal, it willtake all his courage and cunning.

Record details

  • ISBN: 9781432831400 (hardback)
  • ISBN: 1432831402 (hardback)
  • Physical Description: 326 pages ;22 cm.
  • Edition: First edition.
  • Publisher: Waterville, Maine : Five Star Publishing, a part of Gale, Cengage Learning, ©2015
Subject: United States > History > Civil War, 1861-1865 > Fiction.
Genre: Western stories.
Adventure fiction.
Historical fiction.

Available copies

  • 1 of 1 copy available at scottsboropl.

Holds

  • 0 current holds with 1 total copy.
Show Only Available Copies
Location Call Number / Copy Notes Barcode Shelving Location Status Due Date
scottsboropl F Nic 32269000969785 Adult - Fiction Available -

LDR 01847cam a22003738i 4500
001140424
003CONS
00520160107085201.0
008150706s2015 meu 000 1 eng
010 . ‡a 2015025248
020 . ‡a9781432831400 (hardback)
020 . ‡a1432831402 (hardback)
035 . ‡a(CPomAG)LMN592854
042 . ‡apcc
043 . ‡an-us---
05000. ‡aPS3614.I3535 ‡bC87 2015
08200. ‡a813/.6 ‡223
1001 . ‡aNicholson, Thom.
24510. ‡aCuster's cavalier / ‡cThom Nicholson.
250 . ‡aFirst edition.
264 1. ‡aWaterville, Maine : ‡bFive Star Publishing, a part of Gale, Cengage Learning, ‡c©2015
300 . ‡a326 pages ;22 cm.
336 . ‡atext ‡2rdacontent
337 . ‡aunmediated ‡2rdamedia
338 . ‡avolume ‡2rdacarrier
4900 . ‡aA John Whyte novel of the American West
520 . ‡aJohn Whyte, disgraced son of an English Lord, has quit the British Army and cometo America to join the Union cause. He is assigned to command of the 5thMichigan Cavalry under his former assistant, now Brigadier General GeorgeCuster. Whyte follows the dashing Custer into battle against the Confederatecavalry of JEB Stuart at Gettysburg, into the 1864 Valley Campaign, and iscaptured at the Battle of Cedar Creek. Incarcerated in the infamous Libby Prisonin Richmond, VA, Whyte is under a death sentence for his actions in breaking theRose Greenhow spy ring. If Custer's Cavalier is to survive the ordeal, it willtake all his courage and cunning.
651 0. ‡aUnited States ‡xHistory ‡yCivil War, 1861-1865 ‡vFiction.
655 7. ‡aWestern stories. ‡2gsafd
655 7. ‡aAdventure fiction. ‡2gsafd
655 7. ‡aHistorical fiction. ‡2gsafd
914 . ‡aSCP_jd
959 . ‡i32269000969785 ‡lF Nic ‡aAdult - Fiction ‡tFiction ‡g27.00
852 . ‡p32269000969785 ‡jF Nic ‡gAdult - Fiction ‡cFiction ‡y27.00 ‡bSBPL
901 . ‡a140424 ‡bUnknown ‡c140424 ‡tbiblio

Additional Resources